Państwa z terytoriami zależnymi - Statystyki

Ogólne statystyki
  • Ten quiz został rozwiązany 139 razy
  • Średni wynik to 6 z 8
Statystyki odpowiedzi
# Odpowiedź % Poprawnych
1 Stany Zjednoczone
100%
2 Francja
97%
4 Wielka Brytania
96%
3 Dania
84%
7 Australia
78%
5 Holandia
73%
8 Norwegia
61%
6 Nowa Zelandia
60%
Nie znaleziono quizów pasujących do podanych kryteriów
Rozkład punktacji
Procent ludzi z każdym wynikiem
Percentyl według liczby udzielonych odpowiedzi
Twoja historia wyników
Nie rozwiązałeś tego quizu